LDR 00724naa#a2200193#i#450# 001 EN\\bibl\115932 005 20260430190441.4 011 ## _a1994-4683 100 ## _a20260429b2026####ek#y0engy0150####ca 102 ## _aRU 200 1# _aTactical and technical training of handball players through the lens of activity theory _eJournal article 210 1# _aMoscow _cNational State University of Physical Education, Sports and Health named after P.F. Lesgaft _d2026 215 ## _a6 с. 608 ## _aJournal article _2local 675 ## _aГандбол, ручной мяч. 796.322 _z 700 #1 _aMakarov _gYuri Mikhailovich 700 #1 _aLutkova _gNataliya Valer'evna 700 #1 _aRamzaitseva _gAnna Aleksandrovna 856 4# _auchzapiski.lesgaft.spb.ru _u